Avances en favor de la infancia

保存先:
書誌詳細
フォーマット: テキスト
タグ: タグ追加
タグなし, このレコードへの初めてのタグを付けませんか!

MARC

LEADER 00000 a a2200000 04500
001 10222
003
040
245 |a Avances en favor de la infancia  
773 |g número 1; páginas 9-11  
999 |c 29572  |d 29572